Montoneras y Guerrilleras en la Etapa de la Emancipación del Perú (1820-1825) (Record no. 819)

000 -CABECERA
fixed length control field 01160nam a22002297a 4500
003 - IDENTIFICADOR DEL NÚMERO DE CONTROL
control field AR-CdUCM
008 - DATOS DE LONGITUD FIJA--INFORMACIÓN GENERAL
fixed length control field 190225b ||||| |||| 00| 0 spa d
040 ## - FUENTE DE LA CATALOGACIÓN
Agencia/entidad que catalogó originalmente la obra MUNICIPALIDAD PROVINCIAL DEL CUSCO
Entidad que transcribió la catalogación BIBLIOTECA MUNICIPAL DEL CUSCO
082 ## - NÚMERO DE LA CLASIFICACIÓN DECIMAL DEWEY
No. de Clasificación 985.04 /
Notacion interna V494
100 ## - ENTRADA PRINCIPAL--NOMBRE DE PERSONA
Nombre Personal Vergara Arias, Gustavo
245 ## - MENCIÓN DE TÍTULO
Título Montoneras y Guerrilleras en la Etapa de la Emancipación del Perú (1820-1825)
260 ## - PUBLICACIÓN, DISTRIBUCIÓN, ETC.
Lugar de publicación, distribución, etc. Perú :
Nombre de la editorial, distribuidor, etc. Imprenta y Litografía "Salesiana" ;
Fecha de publicación, distribución, etc. 1974.
300 ## - DESCRIPCIÓN FÍSICA
Nº de Páginas Extensión 262 páginas
Otros detalles físicos ilustraciones, mapas y cuadros
Dimensiones 24cm
505 ## - NOTA DE CONTENIDO CON FORMATO
Nota de contenido formateada Fuentes para el estudio de las montoneras y las partidas de guerrillas -- La denominación de montoneras y partidas de guerrillas -- Organización de las partidas de guerrillas -- Labor y comportamiento de las partidas de guerrillas
650 ## - PUNTO DE ACCESO ADICIONAL DE MATERIA--TÉRMINO DE MATERIA
Descriptor documentos de archivo de San Martín
9 (RLIN) 3103
650 ## - PUNTO DE ACCESO ADICIONAL DE MATERIA--TÉRMINO DE MATERIA
Descriptor la historia inédita de Cartagena
9 (RLIN) 3104
650 ## - PUNTO DE ACCESO ADICIONAL DE MATERIA--TÉRMINO DE MATERIA
Descriptor historiadores de la etapa de la Emancipación
9 (RLIN) 3105
650 ## - PUNTO DE ACCESO ADICIONAL DE MATERIA--TÉRMINO DE MATERIA
Descriptor la derrota del batallón de Huánuco y las partidas
9 (RLIN) 3106
650 ## - PUNTO DE ACCESO ADICIONAL DE MATERIA--TÉRMINO DE MATERIA
Descriptor las partidas y el sitio a los Castillos del Callao
9 (RLIN) 3107
942 ## - ELEMENTOS DE PUNTO DE ACCESO ADICIONAL (KOHA)
Fuente de clasificación
Tipo de item Libros-BMC
945 ## - PROCESAMIENTO DE INFORMACIÓN LOCAL (OCLC)
Catalogador nom
AAAA-MM-DD - Fecha de ingreso o modificacion 2019-02-25
Holdings
Estado de retiro (separado) Fuente de clasificación o esquema de estanterías Estado dañado Ubicación Sala donde se ubica Nombre de la colección Fecha de adquisición o compra Costo, precio normal en soles Signatura topográfica Código de Barras Última vez visto (Koha) Tipo de ítem (Koha)
No     Sala Humanidades Sala Humanidades Book Cart 2019-02-25 10.00 985.04 / V494 SH0000000879 2019-02-25 Libros-BMC

Powered by Koha